00783nam a2200121Ia 4500008004100000020001800041100008100059245016100140260002700301650002000328650026000348856005300608171212s9999 xx 000 0 und d a9780833083821 aFarmer, Carrie M.;Vaughan, Christine Anne;Garnett, Jeffrey;Weinick, Robin M. cFarmer, Carrie M.;Vaughan, Christine Anne;Garnett, Jeffrey;Weinick, Robin M.aPre-Deployment Stress, Mental Health, and Help-Seeking Behaviors Among Marines bRAND Corporationc2014 aHealth Sciences aPsychology, Military; United States. Marine Corps -- Mental health services; Marines -- Mental health services -- United States; Marines -- United States -- Psychology; Soldiers -- Mental health -- United States; Post-traumatic stress disorder -- United S uhttp://www.jstor.org/stable/10.7249/j.ctt1287mbb